Relazione di uno stabilimento per i poveri eretto in Monaco /

Bibliographic Details
Main Author: Rumford, Benjamin, Graf von, 1753-1814
Format: eBook
Language:Italian
Published: Venezia : Presso Francesco Andreola, 1798.
Series:Making of the modern world (Goldsmiths'-Kress Library of Economic Literature)
Subjects:
Online Access:Connect to the full text of this electronic book

MARC

Tag First Indicator Second Indicator Subfields
LEADER 00000cam a2200000 a 4500
001 in00002324708
005 20190327170358.0
006 m | d |
007 cr |n||||||||n
008 940825s1798 it a s 000 0 ita d
040 |a ResP  |c ResP  |d Thomson Gale  |d UtOrBLW 
041 1 |a ita  |h eng 
043 |a e-gx--- 
100 1 |a Rumford, Benjamin,  |c Graf von,  |d 1753-1814. 
245 1 0 |a Relazione di uno stabilimento per i poveri eretto in Monaco /  |c del Signor Conte di Rumford ; recata in lingua italiana dal suo originale inglese da una Dame Bavarese. 
264 1 |a Venezia :  |b Presso Francesco Andreola,  |c 1798. 
300 |a xvi, 564 pages :  |b illustrations ;  |c 22 cm. 
336 |a text  |b txt  |2 rdacontent 
337 |a computer  |b c  |2 rdamedia 
338 |a online resource  |b cr  |2 rdacarrier 
500 |a Translation of: An account of an establishment for the poor at Munich. 
500 |a Translation, from the English, of the first 5 essays from Count Rumford's Experimental essays, political, economical, and philosophical, 1796, with added translator's preface. 
500 |a Reproduction of original from Kress Library of Business and Economics, Harvard University. 
500 |a Goldsmiths'-Kress number 17420.100. 
510 4 |a RLIN,  |c CTRG94-B4529 
533 |a Electronic reproduction.  |b Farmington Hills, Mich. :  |c Thomson Gale,  |d 2005.  |f (The making of the modern world).  |n Available via the World Wide Web.  |n Access limited to licensing agreements.  |7 s2005 miunns 
500 |a Electronic resource. 
650 0 |a Almshouses  |z Germany  |z Munich. 
650 0 |a Poor  |z Germany  |z Munich. 
655 0 |a Electronic books. 
830 0 |a Making of the modern world (Goldsmiths'-Kress Library of Economic Literature) 
856 4 0 |u http://proxy.library.tamu.edu/login?url=http://galenet.galegroup.com/servlet/MOME?af=RN&ae=U109864732&srchtp=a&ste=14&locID=txshracd2898  |z Connect to the full text of this electronic book  |t 0 
999 |a MARS 
999 f f |s 8dce8ecb-d655-304c-bc0b-00cf8a12dc5b  |i 25abf95e-ac3e-3fb1-b2dc-b5fb4acdd910  |t 0 
952 f f |a Texas A&M University  |b College Station  |c Electronic Resources  |d Available Online  |t 0  |h No information provided 
998 f f |t 0  |l Available Online